| 000 | 00609nam a22001937a 4500 | ||
|---|---|---|---|
| 999 |
_c18512 _d18512 |
||
| 008 | 200921b xxu||||| |||| 00| 0 eng d | ||
| 020 | _a1138632301 | ||
| 050 |
_aHC79 _b.T54 2018 c.1 |
||
| 100 | _aTietenberg, Tom | ||
| 245 |
_aEnvironmental and natural resource economics _cTom Tietenberg, |
||
| 250 |
_a11th ed. _bInternational student edition |
||
| 260 |
_aNew York _bRoutledge _c2018 |
||
| 300 | _axxvii, 557p. | ||
| 650 | _aEnvironmental policy | ||
| 650 |
_aNatural reosurces _vgovernment policy |
||
| 650 |
_aRaw materials _vgovernment policy |
||
| 700 | _aLynne Lewis | ||
| 942 |
_2lcc _cBK |
||